LEADER 01475cam2-2200421---450- 001 990003384330203316 005 20120213143449.0 010 $a88-14-14430-3 035 $a000338433 035 $aUSA01000338433 035 $a(ALEPH)000338433USA01 035 $a000338433 100 $a20100401d2008----km-y0itay50------ba 101 $aeng 102 $aIT 105 $a||||||||001yy 200 1 $aAsian constitutionalism in transition$ea comparative perspective$fedited by Tania Groppi, Valeria Piergigli, Angelo Rinella 210 $aMilano$cGiuffrè$d2008 215 $aVIII, 385 p.$d24 cm 225 2 $aCollana di studi$fUniversità di Siena, Dipartimento di diritto pubblico$v10 410 0$1001000338431$12001$aCollana di studi$fUniversità di Siena, Dipartimento di diritto pubblico$v, 10 606 0 $aDiritto costituzionale$yPaesi asiatici$2BNCF 676 $a342.5 702 1$aGROPPI,$bTania 702 1$aPIRGIGLI,$bValeria 702 1$aRINELLA,$bAngelo 801 0$aIT$bsalbc$gISBD 912 $a990003384330203316 951 $aXXX.A. Coll. 125/ 1$b62737 G.$cXXX.A. Coll.$d00256880 959 $aBK 969 $aGIU 979 $aCHIARA$b90$c20100401$lUSA01$h1549 979 $aCHIARA$b90$c20100401$lUSA01$h1550 979 $aCHIARA$b90$c20100401$lUSA01$h1550 979 $aCHIARA$b90$c20100401$lUSA01$h1603 979 $aCHIARA$b90$c20120213$lUSA01$h1434 996 $aAsian constitutionalism in transition$91125293 997 $aUNISA LEADER 01070nam--2200337---450- 001 990005791170203316 005 20121221090958.0 010 $a3-16-145386-7 035 $a000579117 035 $aUSA01000579117 035 $a(ALEPH)000579117USA01 035 $a000579117 100 $a20121221d1983----km-y0itay50------ba 101 $aeng 102 $aDE 105 $a||||||||001yy 200 1 $aApocalypticism in the Mediterranean world and the Near East$eproceedings of the international colloquium on Apocalypticism$eUpsala, August 12-17, 1979$fedited by David Hellholm 205 $a2. ed 210 $aTubingen$cMohr$d1983 215 $aXI, 878 p.$c1 ritr.$d24 cm 606 0 $aEscatologia$xAtti di congressi$2BNCF 676 $a236 702 1$aHELLHOLM,$bDavid 801 0$aIT$bsalbc$gISBD 912 $a990005791170203316 951 $aXV.8. 618$b223183 L.M.$cXV.8. 959 $aBK 969 $aFSO 979 $aIANNONE$b90$c20121221$lUSA01$h0909 996 $aApocalypticism in the Mediterranean world and the Near East$91081164 997 $aUNISA